| 000 | 00470nam a22001697a 4500 | ||
|---|---|---|---|
| 003 | OSt | ||
| 005 | 20260303000858.0 | ||
| 008 | 260203b |||||||| |||| 00| 0 eng d | ||
| 020 | _a978-0-441-00923-7 | ||
| 040 |
_aDWCL-Main Lib _cOC |
||
| 082 | _aFic. H297 2002 | ||
| 100 | _aHarris, Charlain | ||
| 245 | _aLiving dead in Dallas | ||
| 260 |
_aNew York : _bThe Berkley Publishing Group :Penguin Group, _cc2002 |
||
| 300 |
_a291 p. ; _c17 cm. |
||
| 942 |
_2ddc _cFIC. _mFic. _n0 |
||
| 999 |
_c8150 _d8150 |
||